| 000 | 00439 a2200121 4500 | ||
|---|---|---|---|
| 001 | 91346 | ||
| 082 | _aPR 1248 | ||
| 090 |
_c43466 _d43465 |
||
| 100 | _aMuhammad Sohail Arshad; Prof Amir Mansoor (Advisor) | ||
| 245 |
_aTo develop a software cable of calculating deformation and resultant stresses in a panel and verify results using COSMOS & SYS-5000 _n46 "A" EC |
||
| 260 |
_aKarachi _bNED University _c1997 |
||
| 500 | _aBE Project Reports | ||
| 942 |
_aCAE NUST _kPR 1248 |
||
| 999 |
_c326419 _d326419 |
||